000 01009nam a2200241Ia 4500
003 OSt
005 20221005112321.0
006 a|||||r|||| 00| 0
007 ta
008 221004b |||||||| |||| 00| 0 pan d
024 _a116612
037 _cTextual
040 _aCRL
_cCRL
_bpan
041 _2pan
_apan
082 _aY:351.236, 153P9
100 _aਨੂਰ, ਨਿਰੰਜਨ ਸਿੰਘl ਸੁਹਿੰਦਰ ਬੀਰ, ਥਦ।
_9624313
245 0 _aਹੜੱਪਾ ਤੋ੍ਵ ਹੀਰੋੀਮਾ ਵੱਲ
_b ਪੰਜਾਬ ਦਾ ਇਤਿਹਾਸਕ ਸਾਭਿਆਚਾਰਕ ਅਧਿਐਨ
260 _aਅੰਮ੍ਰਿਤਸਰ
_bਵਾਰਿਸ ਾਹ ਖ਼ਾਉ੍ਵਡੇਨ ਭਾਰਤ
_c2009
300 _a128ਪੰ
_ccm.
650 _aਸਰੁਾਂਜ਼ FੳFਞਟਾਂਨ
942 _hY:351.236, 153P9
_cTEXL
_2cc
999 _c1024531
_d1024531